000 00768nam a2200241 4500
001 12185
003 HDC
007 cr bn ---aaaaa
008 210209c dr|noo 0 a eng d
040 _aHDC
245 0 _aWisata Halal Lombok Bakal Unjuk Gigi di ITB 2016
260 _a[No place] :
_b KRJogja.com
_c[no year]
336 _atext
_2rdacontent
337 _acomputer
_2rdamedia
338 _aonline resource
_2rdacarrier
650 _aHalal industry
_9144
650 _aHalal tourism
_9529
710 _a KRJogja.com
856 _zRequest full-text at [email protected]
942 _2lcc
942 _cNEWS
942 _kNWSO 002443
999 _c9508
_d9508